Ötszáz katonával több Szekeres Imre jobb körülményeket ígér Vásárhelyen

Elmentve itt :
Bibliográfiai részletek
Dokumentumtípus: Cikk
Megjelent: 2007-01-23
Sorozat:Délmagyarország 97 No. 19
Kulcsszavak:Szekeres Imre, Hódmezővásárhely, Katonaság, Eseménynaptár Hódmezővásárhely 2007. 01., Zrínyi-laktanya (Hódmezővásárhely), Politikus látogatása
Online Access:http://dmarchiv.bibl.u-szeged.hu/137599
LEADER 00602nab a2200145 i 4500
001 delm137599
005 20200110102837.0
008 200110s2007 hu o 0|| hun d
040 |a SZTE Délmagyarország Archívum  |b hun 
041 |a hun 
245 0 0 |a Ötszáz katonával több   |h [elektronikus dokumentum] :  |b Szekeres Imre jobb körülményeket ígér Vásárhelyen 
260 |c 2007-01-23 
300 |a 3 
490 0 |a Délmagyarország  |v 97 No. 19 
695 |a Szekeres Imre, Hódmezővásárhely, Katonaság, Eseménynaptár Hódmezővásárhely 2007. 01., Zrínyi-laktanya (Hódmezővásárhely), Politikus látogatása